東京駅名チマタグラム - Statistics

General Stats
  • This quiz has been taken 86 times
  • The average score is 30 of 100
Answer Stats
問題文 問題文読み できる駅名 % Correct
熱海 あたみ 三田
94%
萌やし もやし 志茂
79%
足音 あしおと 青砥
74%
BS びーえす 恵比寿
73%
ガス漏れ がすもれ 巣鴨
64%
マンネリ まんねり 練馬
64%
延納 えんのう 上野
62%
階段 かいだん 神田
62%
お披露目 おひろめ 広尾
59%
マブダチ まぶだち 町田
58%
イカサマ いかさま 葛西
56%
トナカイ となかい 中井
55%
盗聴器 とうちょうき 東京
55%
姉ばかり あねばかり 赤羽
53%
見つけた みつけた 辰巳
52%
第5問 だいごもん 大門
50%
ええ枕 ええまくら 蔵前
48%
求人足せ きたせんじゅ 北千住
48%
寄せ書き よせがき 清瀬
47%
オタク様 おたくさま 奥多摩
44%
外野たち がいやたち 市ケ谷
44%
資材の木 しざいのき 篠崎
41%
寿司を見よ すしをみよ 住吉
41%
母さんか かあさんか 赤坂
39%
1or2 いちおあに 落合
38%
お椀貸せ おわんかせ 千川
38%
ちくわ過多 ちくわかた 立川
38%
ナス祭り なすまつり 成増
38%
メイド推し めいどおし 汐留
38%
僕主人 ぼくしゅじん 新宿
38%
小豆増し あずきまし 昭島
36%
文化なの ぶんかなの 中延
35%
お茶や鼻血 おちゃやはなぢ お花茶屋
35%
ここ二俣川 ここふたまたがわ 二子玉川
35%
番記者 ばんきしゃ 新木場
32%
マントしまえ まんとしまえ 豊島園
32%
今日数回リツイート きょうすうかいりついーと とうきょうスカイツリー
32%
イカ刺しに酢 いかさしにす 西葛西
30%
経路ブック けいろぶっく 池袋
30%
手放しし二歩 てばなししにふ 西船橋
30%
真顔チワワ まがおちわわ 小川町
27%
チキン漁師 ちきんりょうし 錦糸町
26%
炊いた千駄ヶ谷 たいたせんだがや 世田谷代田
26%
こういう巧みなダンサーはワルだね こういうたくみなだんさーはわるだね 羽田空港第3ターミナル
26%
黒地昆布 くろじこんぶ 国分寺
24%
寿司も苦い すしもにがい 西巣鴨
24%
あの運転ずるい あのうんてんずるい 天王洲アイル
24%
人生が苦 じんせいがく 泉岳寺
23%
一位枝豆 いちいえだまめ 明大前
23%
生耳たぶ なまみみたぶ 南多摩
21%
森の女 もりのおんな 御成門
21%
マカオの大家 まかおのおおや 大岡山
21%
あの手すりに獣あり あのてすりにけものあり 有明テニスの森
21%
お前次第 おまえしだい 大師前
20%
ニラが支配 にらがしはい 西ケ原
20%
検査のため移動 けんさのためいどう 溜池山王
20%
朝歯磨きみな落ちない あさはみがきみなおちない 落合南長崎
20%
ラインの友 らいんのとも 虎ノ門
18%
ドルも貸したい どるもかしたい 下高井戸
18%
松江で仕込み まつえでしこみ 三越前
18%
難波の歯科医師 なんばのしかいし 中野新橋
18%
本番に死守 ほんばんにししゅ 新日本橋
18%
柏たなかで寝ろ かしわたなかでねろ 白金高輪
18%
飛行機大さじ0 ひこうきおおさじぜろ 大崎広小路
18%
五丁目新うなぎ屋 ごちょうめしんうなぎや 牛込柳町
18%
競輪恨み踊ろうよ けいりんうらみおどろうよ 京王よみうりランド
18%
地獄飯承認中 じごくめししょうにんちゅう 西新宿五丁目
18%
奥歯最多 おくばさいた 軍畑
17%
タワシ5円 たわしごえん 新江古田
17%
筏渡るな いかだわたるな 高輪台
17%
玄米がええ げんまいがええ 外苑前
17%
鼻が良い猫 はながよいねこ 花小金井
17%
まだ干支言うな まだえというな 東大前
17%
エリンギ解こうね えりんぎとこうね 舎人公園
17%
勝ち負け無い世界 かちまけないせかい 京成金町
17%
9回で負けた きゅうかいでまけた 京急蒲田
17%
ワード探ししないで わーどさがししないで 品川シーサイド
17%
合唱コン前Ado買う がっしょうこんまえあどかう 赤土小学校前
17%
海から親父 うみからおやじ 王子神谷
15%
お肘がおしまい おひじがおしまい 東大島
15%
マッチ10円 まっちじゅうえん 越中島
15%
龍馬はぼっち りょうまはぼっち 八丁堀
15%
美味くてすぐ胃炎 うまくてすぐいえん 水天宮前
15%
カラオケ歌マイク からおけうたまいく 京王片倉
15%
生徒やらかす街 せいとやらかすまち 千歳烏山
15%
カツオが自立 かつおがじりつ つつじヶ丘
14%
天丼追う猛者 てんどんおうもさ 表参道
14%
おやきおつゆいかが おやきおつゆいかが 雪が谷大塚
14%
塩輝くお空 しおかがやくおそら 祖師ヶ谷大蔵
14%
またか、白だしいらん またかしろだしいらん 新高島平
14%
可愛いんだし かわいいんだし 石川台
12%
狂人執事 きょうじんしつじ 築地市場
12%
昔エサもらう むかしえさもらう 志村坂上
12%
煙たいから運ぶ けむたいからはこぶ 小竹向原
12%
シメジ海水丼 しめじかいすいどん 亀戸水神
12%
バナナが座んない ばなながすわんない 砂川七番
12%
クワガタのままがええん? くわがたのままがええん 玉川学園前
12%
漬物過多 つけものかた 竹ノ塚
11%
先攻ギター少年さん せんこうぎたーしょうねんさん 産業振興センター
11%
レバ刺し委員帰宅か ればさしいいんきたくか 柴崎体育館
9%
No matching quizzes found
Score Distribution
Percent of People with Each Score
Percentile by Number Answered
Your Score History
You have not taken this quiz